书目信息 |
| 题名: |
乡村新型合作经济组织崛起
|
|
| 作者: | 王景新 著 | |
| 分册: | ||
| 出版信息: | 北京 中国经济出版社 2005 |
|
| 页数: | 14,253页 | |
| 开本: | 21cm | |
| 丛书名: | 中国新乡村建设丛书 | |
| 单 册: | ||
| 中图分类: | F325.12 | |
| 科图分类: | ||
| 主题词: | 农业合作组织--研究--中国 , 农村--经济联合体--中国 | |
| 电子资源: | ||
| ISBN: | 7-5017-6682-7 | |
| 000 | 00945oam2 2200277 45 | |
| 001 | 110000004145 | |
| 005 | 20051223093527.14 | |
| 010 | @a7-5017-6682-7@dCNY25.00 | |
| 092 | @aCN | |
| 100 | @a20050315d2005 ekmy0chiy0120 ea | |
| 101 | 0 | @achi |
| 102 | @aCN@b110000 | |
| 105 | @ay z 000yy | |
| 200 | 1 | @a乡村新型合作经济组织崛起@9xiang cun xin xing he zuo jing ji zu zhi jue qi@f王景新著@Fwang jing xin zhu |
| 210 | @a北京@c中国经济出版社@d2005 | |
| 215 | @a14,253页@d21cm | |
| 225 | 2 | @a中国新乡村建设丛书@v2 |
| 330 | @a本书内容包括新型合作经济组织理论渊源,新型合作经济组织研究框架,新型合作经济组织崛起的背景和动力,新型合作经济组织发展趋势、特征、类型等。 | |
| 461 | 0 | @12001 @a中国新乡村建设丛书 |
| 606 | 0 | @a农业合作组织@x研究@y中国 |
| 606 | 0 | @a农村@x经济联合体@y中国 |
| 690 | @aF325.12@v4 | |
| 701 | 0 | @a王景新@Awang jing xin@4著 |
| 801 | 0 | @aCN@bCXYBOOK@c20051223 |
| 905 | @a10447@dF325.12@e40 | |
| 999 | @aAFJ@eGLX | |
| 乡村新型合作经济组织崛起/王景新著.-北京:中国经济出版社,2005 |
| 14,253页;21cm.-(中国新乡村建设丛书;2) |
| ISBN 7-5017-6682-7:CNY25.00 |
| 本书内容包括新型合作经济组织理论渊源,新型合作经济组织研究框架,新型合作经济组织崛起的背景和动力,新型合作经济组织发展趋势、特征、类型等。 |
| ● |
| 相关链接 |
|
|
|
|
正题名:乡村新型合作经济组织崛起
索取号:F325.12/40
 
预约/预借
| 序号 | 登录号 | 条形码 | 馆藏地/架位号 | 状态 | 备注 |
| 1 | 0372279 | 203722793 | 第一样本阅览室/ [索取号:F325.12/40] | 在馆 | |
| 2 | 0372280 | 203722800 | 第一借阅区/ [索取号:F325.12/40] | 在馆 | |
| 3 | 0372281 | 203722819 | 第一借阅区/ [索取号:F325.12/40] | 在馆 | |
| 4 | 0372282 | 203722828 | 第一借阅区/ [索取号:F325.12/40] | 在馆 | |
| 5 | 0372283 | 203722837 | 第一借阅区/ [索取号:F325.12/40] | 在馆 |